Problémy finančných tokov v priemyselných podnikoch
Objasnenie niektorých pojmov z oblasti peňažných tokov z praxe priemyselných podnikov. Problémy, ktoré vznikajú pri riadení cash flow. Faktory spojené s tokom prostriedkov, t.j. cash flow.
Saved in:
| Main Author: | |
|---|---|
| Format: | Book Chapter |
| Language: | Slovak |
| Subjects: | |
| Tags: |
No Tags, Be the first to tag this record!
|
MARC
| LEADER | 00000naa a2200000 4500 | ||
|---|---|---|---|
| 001 | r036166 | ||
| 005 | 20230809074428.3 | ||
| 041 | 0 | |a slo | |
| 044 | |a SK | ||
| 245 | 1 | 0 | |a Problémy finančných tokov v priemyselných podnikoch |c Pavol Serina |
| 520 | |a Objasnenie niektorých pojmov z oblasti peňažných tokov z praxe priemyselných podnikov. Problémy, ktoré vznikajú pri riadení cash flow. Faktory spojené s tokom prostriedkov, t.j. cash flow. | ||
| 610 | 2 | 0 | |a cash flow |
| 610 | 2 | 0 | |a podnik priemyselný |
| 610 | 2 | 0 | |a zisk |
| 610 | 2 | 0 | |a príjmy peňažné |
| 610 | 2 | 0 | |a náklady |
| 610 | 2 | 0 | |a výnosy podnikové |
| 610 | 2 | 0 | |a plánovanie finančné |
| 100 | 1 | |a Serina, Pavol | |